Kisah gagak dengan musang

Bibliographic Details
Other Authors: Anis
Format: Book
Published: Kuala Lumpur : Penerbitan Baru , 2002
Series:Cerita nasihat
Subjects:

MARC

LEADER 00000cam a2200000 7i4500
001 0000004733
005 20220105104005.0
008 070730
020 |a 9679913392 
090 0 0 |a JP   |b MOR MAL (6012) 
245 1 0 |a Kisah gagak dengan musang   |c Penyusun Anis 
260 |a Kuala Lumpur :   |b Penerbitan Baru ,   |c 2002 
440 |a Cerita nasihat 
500 |a Children age 4-6 years old (yellow) 
650 0 |a Malay fiction 
650 0 |a Moral stories 
700 0 |a Anis 
999 |a 0000896286   |b Book   |c Children Collection   |e Cawangan Segamat 
999 |a 0000896293   |b Book   |c Children Collection   |e Cawangan Segamat 
999 |a 0000900974   |b Book   |c Children Collection   |e Cawangan Pontian 
999 |a 0000900978   |b Book   |c Children Collection   |e Cawangan Tmn. Ungku Tun Aminah 
999 |a 0000900982   |b Book   |c Children Collection   |e Cawangan Segamat 
999 |a 0000948791   |b Book   |c Children Collection   |e Cawangan Taman Universiti 
999 |a 0000948792   |b Book   |c Children Collection   |e Cawangan Pontian 
999 |a 0000976497   |b Book   |c Children Collection   |e Perbadanan Perpustakaan Awam Johor 
999 |a 0000976498   |b Book   |c Children Collection   |e Cawangan Bandar Penawar 
999 |a 0000976499   |b Book   |c Children Collection   |e Perbadanan Perpustakaan Awam Johor